[Event "Titled Tuesday intern op 12th Mar Late"]
[Site "Chess.com INT"]
[Date "2024.03.12"]
[Round "11"]
[White "Yang, Kaiqi"]
[Black "Gatineau, Yovann"]
[Result "1-0"]
[WhiteElo "2481"]
[BlackElo "2408"]
[PlyCount "51"]
[EventDate "2024.03.12"]
[EventType "swiss (blitz)"]
[EventRounds "11"]
[EventCountry "USA"]
[SourceTitle "CB12_2024"]
[SourceDate "2023.10.01"]
[SourceVersion "1"]
[SourceVersionDate "2023.10.01"]
[SourceQuality "1"]

1. e4 e5 2. Nf3 Nc6 3. Bc4 Nf6 4. d3 Be7 5. 0-0 0-0 6. Re1 d6 7. a4 Kh8 8. a5 a6 9. h3 Ng8 10. d4 f5 11. dxe5 fxe4 12. Rxe4 Rxf3 13. Qxf3 d5 14. Bxd5 Qxd5 15. Nc3 Qe6 16. Bf4 Bd7 17. Qe3 Rf8 18. Bg3 Be8 19. Rd1 Nh6 20. Nd5 Nf5 21. Qc3 Bh5 22. Nf4 Qh6 23. Rd7 Bb4 24. Rxb4 Nxb4 25. Qxb4 Qc6 26. Qxf8# 1-0

[Event "Vandoeuvre op 20th"]
[Site "Vandoeuvre les Nancy"]
[Date "2024.01.06"]
[Round "7"]
[White "Gatineau, Yovann"]
[Black "Bauer, Christian"]
[Result "1/2-1/2"]
[WhiteElo "2401"]
[BlackElo "2558"]
[PlyCount "91"]
[EventDate "2024.01.03"]
[EventType "swiss"]
[EventRounds "9"]
[EventCountry "FRA"]
[SourceTitle "CB02_2024"]
[SourceDate "2024.01.10"]
[SourceVersion "1"]
[SourceVersionDate "2024.01.10"]
[SourceQuality "1"]

1. d4 Nf6 2. c4 d6 3. Nf3 g6 4. Nc3 Bf5 5. Qb3 b6 6. g3 Nc6 7. Bg2 Bg7 8. 0-0 0-0 9. d5 Na5 10. Qd1 c5 11. Nd2 Ng4 12. e4 Bc8 13. Qc2 e6 14. h3 Ne5 15. b3 exd5 16. exd5 Bf5 17. Nde4 a6 18. Bb2 h5 19. Rae1 Nb7 20. Ba1 Re8 21. Kh2 Rc8 22. Re2 Rc7 23. f4 Nd7 24. Rfe1 Nf8 25. Qd1 Rce7 26. Bf3 Nh7 27. g4 hxg4 28. hxg4 Bd7 29. g5 b5 30. Kg3 f5 31. gxf6 Nxf6 32. Nxf6+ Bxf6 33. Ne4 Bh4+ 34. Kg2 Rf8 35. Qd2 Ref7 36. Qc3 Rh7 37. Rh1 Rxf4 38. Rh2 b4 39. Qb2 Qf8 40. Ng5 Bxg5 41. Qh8+ Rxh8 42. Rxh8+ Kf7 43. Rh7+ Kg8 44. Rh8+ Kf7 45. Rh2 Kg8 46. Rh8+ 1/2-1/2

[Event "FRA-ch Accession 96th"]
[Site "L'Alpe d'Huez"]
[Date "2023.08.22"]
[Round "4"]
[White "Gatineau, Yovann"]
[Black "Macon, Arthur"]
[Result "1/2-1/2"]
[WhiteElo "2362"]
[BlackElo "2328"]
[PlyCount "71"]
[EventDate "2023.08.19"]
[EventType "swiss"]
[EventRounds "9"]
[EventCountry "FRA"]
[SourceTitle "CBM 215 Extra"]
[Source "ChessBase"]
[SourceDate "2023.09.30"]
[SourceVersion "1"]
[SourceVersionDate "2023.09.30"]
[SourceQuality "1"]

1. d4 Nf6 2. c4 e6 3. Nf3 d5 4. Nc3 Be7 5. Bg5 h6 6. Bxf6 Bxf6 7. e3 0-0 8. Qc2 dxc4 9. Bxc4 c5 10. dxc5 Qa5 11. 0-0 Bxc3 12. Qxc3 Qxc3 13. bxc3 Nd7 14. c6 bxc6 15. Rab1 Nb6 16. Be2 c5 17. Rfc1 Bb7 18. Kf1 Rfc8 19. c4 Bc6 20. Nd2 Rab8 21. Bf3 Bxf3 22. gxf3 Nd7 23. Ke2 Rxb1 24. Rxb1 Rb8 25. Rb5 a6 26. Rxb8+ Nxb8 27. Kd3 Nd7 28. Kc3 f5 29. Kb3 Nb6 30. f4 Kf7 31. Nf3 Ke7 32. Ne5 Kd6 33. Nf7+ Ke7 34. Ne5 Kd6 35. Nf7+ Ke7 36. Ne5 1/2-1/2

[Event "Aix en Provence Dole op 1st"]
[Site "Aix en Provence"]
[Date "2023.08.11"]
[Round "6"]
[White "Lagarde, Maxime"]
[Black "Gatineau, Yovann"]
[Result "1-0"]
[WhiteElo "2600"]
[BlackElo "2362"]
[PlyCount "87"]
[EventDate "2023.08.07"]
[EventType "swiss"]
[EventRounds "9"]
[EventCountry "FRA"]
[SourceTitle "CBM 215 Extra"]
[Source "ChessBase"]
[SourceDate "2023.09.30"]
[SourceVersion "1"]
[SourceVersionDate "2023.09.30"]
[SourceQuality "1"]

1. e4 e5 2. Nf3 Nc6 3. Bc4 Nf6 4. d3 Bc5 5. c3 d6 6. Bg5 a6 7. a4 Ba7 8. Nbd2 Be6 9. 0-0 h6 10. Bh4 g5 11. Bg3 Qd7 12. b4 0-0 13. Re1 Rfe8 14. b5 Ne7 15. bxa6 bxa6 16. d4 Ng6 17. Bxa6 Bg4 18. h3 Bh5 19. Be2 Nf4 20. Bxf4 gxf4 21. Nh4 Bxe2 22. Qxe2 exd4 23. Qd3 dxc3 24. Qxc3 Re5 25. Qf3 Bd4 26. Rad1 Rxa4 27. Qxf4 Nh5 28. Qf3 Ng7 29. Nf1 c5 30. Ng3 d5 31. Nhf5 dxe4 32. Nxh6+ Kf8 33. Rxe4 Rxe4 34. Nxe4 Ra2 35. Nxc5 Qc7 36. Ne4 Ne6 37. Nf5 Qe5 38. h4 Bb6 39. g3 Ra5 40. Nfd6 f5 41. Qh5 Kg7 42. Ne8+ Kf8 43. N8f6 Ra7 44. Qh8+ 1-0

[Event "Monteolivete op 3rd"]
[Site "Alboraia"]
[Date "2023.07.21"]
[Round "6"]
[White "Fernandez Guillen, Ernesto J"]
[Black "Gatineau, Yovann"]
[Result "1-0"]
[WhiteElo "2467"]
[BlackElo "2367"]
[PlyCount "71"]
[EventDate "2023.07.17"]
[EventType "swiss"]
[EventRounds "9"]
[EventCountry "ESP"]
[SourceTitle "CBM 215 Extra"]
[Source "ChessBase"]
[SourceDate "2023.09.30"]
[SourceVersion "1"]
[SourceVersionDate "2023.09.30"]
[SourceQuality "1"]

1. e4 e6 2. Nf3 d5 3. e5 c5 4. g3 Nc6 5. Bg2 Qc7 6. d4 cxd4 7. 0-0 f6 8. Re1 fxe5 9. c4 dxc3 10. Nxc3 e4 11. Bf4 Qa5 12. Ne5 Nf6 13. g4 Nxe5 14. Bxe5 h6 15. h4 Bc5 16. g5 hxg5 17. hxg5 Nd7 18. Bxg7 Rh4 19. Nxe4 dxe4 20. Rxe4 Bxf2+ 21. Kxf2 Qf5+ 22. Kg1 Rxe4 23. Qh5+ Ke7 24. Bf6+ Nxf6 25. gxf6+ Kxf6 26. Rf1 Rf4 27. Qh6+ Ke5 28. Qg7+ Kd6 29. Rd1+ Kc5 30. Qc3+ Kb5 31. a4+ Ka6 32. b4 Bd7 33. Bxb7+ Kb6 34. Rd6+ Kxb7 35. Rxd7+ Ka6 36. Qc6# 1-0

[Event "Titled Tuesday intern op 18th Jul Late"]
[Site "Chess.com INT"]
[Date "2023.07.18"]
[Round "2"]
[White "Barwinska, Ewa"]
[Black "Gatineau, Yovann"]
[Result "0-1"]
[WhiteElo "2029"]
[BlackElo "2367"]
[PlyCount "98"]
[EventDate "2023.07.18"]
[EventType "swiss (blitz)"]
[EventRounds "11"]
[EventCountry "USA"]
[SourceTitle "EXT 2024"]
[Source "ChessBase"]
[SourceDate "2023.10.10"]
[SourceVersion "1"]
[SourceVersionDate "2023.10.10"]
[SourceQuality "1"]

1. e4 c5 2. b3 Nf6 3. e5 Nd5 4. c4 Nc7 5. Bb2 Nc6 6. Nf3 d5 7. exd6 Qxd6 8. d4 cxd4 9. Nxd4 e5 10. Nxc6 Qxc6 11. Bxe5 Bb4+ 12. Bc3 Bxc3+ 13. Nxc3 0-0 14. Qf3 Re8+ 15. Be2 Qxf3 16. gxf3 Ne6 17. 0-0-0 Nf4 18. Rhe1 Bf5 19. Bf1 g5 20. Ne4 Bxe4 21. fxe4 Re7 22. f3 Kg7 23. Kc2 h5 24. Be2 Rae8 25. Kc3 f5 26. Bd3 Kf6 27. Bb1 h4 28. Rd6+ Re6 29. exf5 Rxd6 30. Rxe8 Rd1 31. Bc2 Rf1 32. Be4 Rf2 33. Rf8+ Kg7 34. Rb8 Rxh2 35. Rxb7+ Kf6 36. Rxa7 h3 37. Ra6+ Kf7 38. Ra7+ Kf6 39. Rh7 Rxa2 40. c5 Ra1 41. c6 Rc1+ 42. Kd2 Rc5 43. b4 Rc4 44. c7 Ke5 45. b5 Rd4+ 46. Ke1 Ng2+ 47. Kf2 Rd2+ 48. Kg3 Nf4 49. Kg4 Rg2# 0-1

[Event "Monteolivete op 3rd"]
[Site "Alboraia"]
[Date "2023.07.18"]
[Round "2"]
[White "Garcia Ramos, Daniel"]
[Black "Gatineau, Yovann"]
[Result "1-0"]
[WhiteElo "2462"]
[BlackElo "2367"]
[PlyCount "115"]
[EventDate "2023.07.17"]
[EventType "swiss"]
[EventRounds "9"]
[EventCountry "ESP"]
[SourceTitle "CBM 215 Extra"]
[Source "ChessBase"]
[SourceDate "2023.09.30"]
[SourceVersion "1"]
[SourceVersionDate "2023.09.30"]
[SourceQuality "1"]

1. e4 e6 2. d4 d5 3. Nc3 Nf6 4. e5 Nfd7 5. f4 c5 6. Nf3 Nc6 7. Be3 a6 8. Qd2 b5 9. dxc5 Bxc5 10. Bd3 Qb6 11. Bf2 h6 12. 0-0 Bxf2+ 13. Rxf2 0-0 14. Re1 f6 15. exf6 Nxf6 16. Kh1 Bd7 17. Rfe2 Rac8 18. Nd1 b4 19. Nf2 a5 20. Rg1 Kh8 21. g4 Qc7 22. Rg3 Ng8 23. Nh3 Rf7 24. c3 bxc3 25. bxc3 Rcf8 26. Bc2 Rxf4 27. Nxf4 Rxf4 28. Ne5 Rf1+ 29. Kg2 Nxe5 30. Kxf1 Bb5 31. Kg2 Bxe2 32. Qxe2 Nf6 33. g5 hxg5 34. Re3 Neg4 35. Rh3+ Nh6 36. Qxe6 Qf4 37. Qc8+ Nfg8 38. Qf5 Qxf5 39. Bxf5 Nf6 40. Be6 Kh7 41. Kf1 Kg6 42. c4 dxc4 43. Bxc4 Nhg4 44. Be2 Kf5 45. Kg1 Ne5 46. Ra3 Nc6 47. Bf3 Nd4 48. Rxa5+ Kf4 49. Bd1 Ne4 50. Ra7 g6 51. Rc7 Nb5 52. Rc6 Nd4 53. Rc8 g4 54. Rc4 Nf3+ 55. Bxf3 gxf3 56. Rxe4+ Kxe4 57. Kf2 g5 58. h3 1-0

[Event "Titled Tuesday intern op 18th Jul Late"]
[Site "Chess.com INT"]
[Date "2023.07.18"]
[Round "1"]
[White "Gatineau, Yovann"]
[Black "Cruz, William Ferreira Da"]
[Result "1/2-1/2"]
[WhiteElo "2367"]
[BlackElo "2216"]
[PlyCount "50"]
[EventDate "2023.07.18"]
[EventType "swiss (blitz)"]
[EventRounds "11"]
[EventCountry "USA"]
[SourceTitle "EXT 2024"]
[Source "ChessBase"]
[SourceDate "2023.10.10"]
[SourceVersion "1"]
[SourceVersionDate "2023.10.10"]
[SourceQuality "1"]

1. Nf3 Nf6 2. b4 g6 3. Bb2 Bg7 4. c4 0-0 5. e3 d6 6. d4 e5 7. dxe5 Ng4 8. Be2 Nc6 9. a3 a5 10. b5 Ncxe5 11. Nxe5 Nxe5 12. Nc3 Be6 13. Qa4 Nd7 14. 0-0 Nc5 15. Qd1 a4 16. Bd3 Re8 17. Re1 c6 18. Rb1 Qa5 19. Qc2 Rad8 20. bxc6 bxc6 21. Red1 Rb8 22. Ba1 Nb3 23. Bb2 Nc5 24. Ba1 Nb3 25. Bb2 Nc5 1/2-1/2

[Event "Paris-ch IdF"]
[Site "Paris"]
[Date "2023.07.13"]
[Round "3"]
[White "Senthil, Maran K"]
[Black "Gatineau, Yovann"]
[Result "1-0"]
[WhiteElo "2287"]
[BlackElo "2367"]
[PlyCount "32"]
[EventDate "2023.07.11"]
[EventType "swiss"]
[EventRounds "9"]
[EventCountry "FRA"]
[SourceTitle "CBM 215 Extra"]
[Source "ChessBase"]
[SourceDate "2023.09.30"]
[SourceVersion "1"]
[SourceVersionDate "2023.09.30"]
[SourceQuality "1"]

1. d4 d5 2. Nf3 e6 3. g3 Nf6 4. Bg2 a6 5. 0-0 b6 6. c4 Bb7 7. cxd5 exd5 8. Nc3 Bd6 9. Ne5 Nbd7 10. Nc4 Be7 11. Ne3 c6 12. Nf5 0-0 13. Bf4 Re8 14. Qb3 b5 15. a4 Bf8 16. axb5 axb5 1-0

[Event "Cape Town CKC"]
[Site "Cape Town"]
[Date "2023.06.11"]
[Round "4"]
[White "Gatineau, Yovann"]
[Black "Barrish, Daniel"]
[Result "1-0"]
[WhiteElo "2362"]
[BlackElo "2231"]
[PlyCount "147"]
[EventDate "2023.06.09"]
[EventType "tourn"]
[EventRounds "5"]
[EventCountry "RSA"]
[SourceTitle "CBM 214 Extra"]
[Source "ChessBase"]
[SourceDate "2023.07.31"]
[SourceVersion "1"]
[SourceVersionDate "2023.07.31"]
[SourceQuality "1"]

1. e4 c5 2. Nf3 e6 3. d4 cxd4 4. Nxd4 Nc6 5. Bf4 d6 6. Nxc6 bxc6 7. c4 e5 8. Bc1 Ne7 9. Nc3 Ng6 10. g3 Be7 11. h4 Nf8 12. Be3 Ne6 13. Bh3 Qa5 14. 0-0 Ba6 15. Qd3 Qb4 16. b3 Nd4 17. Kg2 0-0 18. Rac1 Bf6 19. f4 Rad8 20. Bxd4 exd4 21. Ne2 c5 22. g4 Bxh4 23. g5 Bb7 24. Bg4 Rde8 25. Bf3 f5 26. gxf6 Rxf6 27. Rh1 g5 28. a3 Qb6 29. Rcg1 Rfe6 30. Kf1 Kh8 31. Ng3 Bxg3 32. Rxg3 Bxe4 33. Bxe4 Rxe4 34. Rxh7+ Kxh7 35. Rxg5 d5 36. Rh5+ Kg7 37. Qg3+ Qg6 38. Rg5 Re1+ 39. Kg2 R8e6 40. Kh2 R1e2+ 41. Kh1 Kh7 42. Rxg6 Rxg6 43. Qd3 Re3 44. Qf5 Re7 45. cxd5 Reg7 46. d6 Kh8 47. Qc8+ Kh7 48. Qf5 Kg8 49. Qc8+ Kf7 50. Qd7+ Kf6 51. Qh3 d3 52. Qh4+ Ke6 53. Qh3+ Kf7 54. d7 Ke7 55. Qe3+ Kxd7 56. Qxd3+ Ke7 57. Qe4+ Re6 58. Qb7+ Kf6 59. Qd5 Re8 60. Qc6+ Kf7 61. Qd5+ Kf8 62. Qxc5+ Kg8 63. f5 Re1+ 64. Kh2 Re2+ 65. Kh3 Re1 66. Qd5+ Kf8 67. f6 Re3+ 68. Kh4 Rh7+ 69. Kg4 Rhh3 70. Qb7 Rhg3+ 71. Kf4 a5 72. Qg7+ Rxg7 73. fxg7+ Kxg7 74. Kxe3 1-0

[Event "Cape Town CKC"]
[Site "Cape Town"]
[Date "2023.06.10"]
[Round "2"]
[White "Gatineau, Yovann"]
[Black "Boder, Jan"]
[Result "1-0"]
[WhiteElo "2362"]
[BlackElo "2294"]
[PlyCount "73"]
[EventDate "2023.06.09"]
[EventType "tourn"]
[EventRounds "5"]
[EventCountry "RSA"]
[SourceTitle "CBM 214 Extra"]
[Source "ChessBase"]
[SourceDate "2023.07.31"]
[SourceVersion "1"]
[SourceVersionDate "2023.07.31"]
[SourceQuality "1"]

1. e4 e5 2. Nf3 Nf6 3. Nxe5 d6 4. Nf3 Nxe4 5. d4 d5 6. Bd3 Bd6 7. 0-0 0-0 8. c4 c6 9. Nc3 Nxc3 10. bxc3 h6 11. Rb1 dxc4 12. Bxc4 Qc7 13. Qd3 Qa5 14. d5 Rd8 15. Re1 Na6 16. Bg5 hxg5 17. Nxg5 g6 18. Rxb7 Nc7 19. Qd4 Be6 20. Qh4 Qxc3 21. Rxe6 Qg7 22. Nxf7 Qxf7 23. Rxc7 Bxc7 24. d6 Rxd6 25. Rxd6 Bxd6 26. Bxf7+ Kxf7 27. Qc4+ Ke7 28. Qxc6 Rb8 29. g3 Rb2 30. Qe4+ Kf7 31. Qf3+ Ke7 32. Qe3+ Kf6 33. Qxa7 g5 34. a4 Be5 35. a5 Kf5 36. a6 Kg4 37. Kg2 1-0

[Event "Cape Town CKC"]
[Site "Cape Town"]
[Date "2023.06.09"]
[Round "1"]
[White "Gatineau, Yovann"]
[Black "Klaasen, Calvin Jong"]
[Result "1-0"]
[WhiteElo "2362"]
[BlackElo "2211"]
[PlyCount "75"]
[EventDate "2023.06.09"]
[EventType "tourn"]
[EventRounds "5"]
[EventCountry "RSA"]
[SourceTitle "CBM 214 Extra"]
[Source "ChessBase"]
[SourceDate "2023.07.31"]
[SourceVersion "1"]
[SourceVersionDate "2023.07.31"]
[SourceQuality "1"]

1. d4 d5 2. Nf3 Nf6 3. g3 c6 4. Bg2 Bf5 5. 0-0 h6 6. c4 e6 7. Nc3 Nbd7 8. b3 Be7 9. Bb2 0-0 10. e3 Ne4 11. Nd2 Nxc3 12. Bxc3 a5 13. Qe2 Nf6 14. Rfd1 Bb4 15. Bxb4 axb4 16. e4 dxe4 17. Nxe4 Bxe4 18. Bxe4 Qb6 19. Rd2 Rfd8 20. Rad1 Nxe4 21. Qxe4 Rd7 22. h4 Rad8 23. Rd3 Qa6 24. R1d2 b5 25. d5 exd5 26. cxd5 c5 27. Rc2 Rc8 28. Rxc5 Rxc5 29. Qe8+ Kh7 30. Qxd7 Qxa2 31. Qf5+ Kg8 32. Re3 Qa1+ 33. Kg2 g6 34. Qe4 Rc1 35. d6 Rg1+ 36. Kh2 Qf1 37. Qf3 Qd1 38. d7 1-0

[Event "Budapest SixDays 01 IM-B"]
[Site "Budapest"]
[Date "2023.01.28"]
[Round "9"]
[White "Gatineau, Yovann"]
[Black "Daroczi, Donat"]
[Result "1-0"]
[WhiteElo "2354"]
[BlackElo "2148"]
[PlyCount "79"]
[EventDate "2023.01.23"]
[EventType "tourn"]
[EventRounds "9"]
[EventCountry "HUN"]
[SourceTitle "CBM 212 Extra"]
[Source "ChessBase"]
[SourceDate "2023.03.31"]
[SourceVersion "1"]
[SourceVersionDate "2023.03.31"]
[SourceQuality "1"]

1. d4 Nf6 2. c4 e6 3. Nf3 d5 4. g3 dxc4 5. Bg2 Bb4+ 6. Bd2 c5 7. dxc5 Bxc5 8. Qa4+ Nbd7 9. Qxc4 b5 10. Qd3 Qb6 11. 0-0 Bb7 12. b4 Be7 13. Be3 Be4 14. Qxe4 Nxe4 15. Bxb6 Nxb6 16. Nd4 Rd8 17. Nc6 Nd2 18. Rc1 Rd6 19. Nxa7 Nxb1 20. Bc6+ Nd7 21. Nxb5 Rd2 22. Bxd7+ Rxd7 23. Rc8+ Rd8 24. Rxd8+ Kxd8 25. Rxb1 Kd7 26. Rd1+ Kc6 27. Nd4+ Kb6 28. a3 Ra8 29. Rd3 Bf6 30. Nc2 Rc8 31. Ne3 Kb5 32. Rd7 Ra8 33. Nc2 Ka4 34. Rxf7 Kb3 35. Rc7 Bc3 36. Ne3 Rxa3 37. Rc6 Ra2 38. b5 Rxe2 39. b6 Bd4 40. b7 1-0

[Event "Budapest SixDays 01 IM-B"]
[Site "Budapest"]
[Date "2023.01.24"]
[Round "3"]
[White "Gatineau, Yovann"]
[Black "Papp, Levente"]
[Result "1-0"]
[WhiteElo "2354"]
[BlackElo "2391"]
[PlyCount "49"]
[EventDate "2023.01.23"]
[EventType "tourn"]
[EventRounds "9"]
[EventCountry "HUN"]
[SourceTitle "CBM 212 Extra"]
[Source "ChessBase"]
[SourceDate "2023.03.31"]
[SourceVersion "1"]
[SourceVersionDate "2023.03.31"]
[SourceQuality "1"]

1. d4 e6 2. Nf3 Nf6 3. c4 c5 4. d5 b5 5. e4 Nxe4 6. Bd3 Nf6 7. Nc3 bxc4 8. Bxc4 Ba6 9. Bxa6 Nxa6 10. 0-0 Qc8 11. Bg5 Be7 12. Bxf6 gxf6 13. Re1 Qb7 14. Qa4 0-0 15. Rad1 Rae8 16. dxe6 dxe6 17. Rd7 Qxb2 18. Nd1 Qb6 19. Qh4 Qb1 20. Nd2 Qf5 21. Re3 Kh8 22. Rg3 Rg8 23. Ne3 Qe5 24. Ng4 Qg5 25. Nh6 1-0

[Event "Wch U20 59th"]
[Site "Cala Gonone"]
[Date "2022.10.22"]
[Round "11"]
[White "Johannsson, Birkir Isak"]
[Black "Gatineau, Yovann"]
[Result "0-1"]
[WhiteElo "2165"]
[BlackElo "2375"]
[PlyCount "88"]
[EventDate "2022.10.12"]
[EventType "swiss"]
[EventRounds "11"]
[EventCountry "ITA"]
[SourceTitle "CBM 210 Extra"]
[Source "ChessBase"]
[SourceDate "2022.11.30"]
[SourceVersion "1"]
[SourceVersionDate "2022.11.30"]
[SourceQuality "1"]

1. c4 e6 2. Nc3 d5 3. d4 Bb4 4. cxd5 exd5 5. Bf4 c6 6. e3 Ne7 7. Bd3 Bf5 8. Nge2 0-0 9. 0-0 a5 10. Rc1 Na6 11. a3 Bd6 12. Na4 b5 13. Nac3 a4 14. Re1 Nc7 15. Na2 Bxd3 16. Qxd3 Rc8 17. Rc2 Na8 18. e4 dxe4 19. Qxe4 Nb6 20. Bxd6 Qxd6 21. Nec3 Ned5 22. Nxd5 Nxd5 23. Nc3 Nf6 24. Qd3 Rfd8 25. Rd2 g6 26. g3 Rc7 27. Red1 Rcd7 28. Ne4 Nxe4 29. Qxe4 Qd5 30. Qf4 Qe6 31. Rc1 Rd5 32. Qf3 R8d6 33. Rdc2 Kg7 34. h4 h5 35. Re2 Qg4 36. Qxg4 hxg4 37. Rec2 Rxd4 38. Rxc6 Rxc6 39. Rxc6 Rd2 40. Rb6 Rxb2 41. Kf1 Kf8 42. Rb7 Ke8 43. Ke1 b4 44. Ra7 bxa3 0-1

[Event "Wch U20 59th"]
[Site "Cala Gonone"]
[Date "2022.10.14"]
[Round "4"]
[White "Gatineau, Yovann"]
[Black "Gurel, Ediz"]
[Result "1/2-1/2"]
[WhiteElo "2375"]
[BlackElo "2445"]
[PlyCount "205"]
[EventDate "2022.10.12"]
[EventType "swiss"]
[EventRounds "11"]
[EventCountry "ITA"]
[SourceTitle "CBM 210 Extra"]
[Source "ChessBase"]
[SourceDate "2022.11.30"]
[SourceVersion "1"]
[SourceVersionDate "2022.11.30"]
[SourceQuality "1"]

1. d4 d5 2. c4 c6 3. Nf3 Nf6 4. Qc2 g6 5. Nc3 Bg7 6. cxd5 cxd5 7. Bf4 0-0 8. e3 Nc6 9. h3 Bf5 10. Qb3 Na5 11. Qb4 Rc8 12. Be2 Ne4 13. 0-0 Nxc3 14. bxc3 f6 15. Rfc1 Be6 16. Nd2 Bf7 17. Nb3 Nc4 18. Qxb7 e5 19. Bg3 Nd6 20. Qb4 Ne4 21. Bh2 Qb6 22. Qa3 Rxc3 23. Rxc3 Nxc3 24. Bd3 Re8 25. Rc1 Bf8 26. Qb2 Na4 27. Qe2 Bb4 28. Qc2 Bf8 29. Qc6 Nb2 30. Qxb6 axb6 31. Bb5 Re6 32. Rc2 Ba3 33. Nd2 exd4 34. Nb1 d3 35. Rd2 Nc4 36. Rxd3 Bc5 37. Nc3 Na3 38. Bd7 Re7 39. Nxd5 Bxd5 40. Rxd5 Nc4 41. Bb5 Ne5 42. Kf1 Bb4 43. Rd4 Bc5 44. Rd8+ Kg7 45. Rc8 Bd6 46. a4 h6 47. Ke2 f5 48. Rd8 Bb4 49. Rb8 Bc5 50. Rc8 Bb4 51. f3 g5 52. Rc7 Kf6 53. Rxe7 Bxe7 54. g4 Bc5 55. Bg3 Bb4 56. Bf2 Bc3 57. Bd3 fxg4 58. hxg4 Nd7 59. Bb5 Ne5 60. e4 Ba5 61. Bd4 Ke6 62. Ke3 Kd6 63. Kf2 Ke6 64. Kg3 Be1+ 65. Kg2 Ba5 66. Kf2 Kd6 67. Ke2 Ke6 68. Ke3 Kf6 69. Bc4 Bb4 70. Bb3 Bc5 71. Bxc5 bxc5 72. Bd5 c4 73. a5 c3 74. a6 c2 75. Kd2 Nd3 76. Kxc2 Nb4+ 77. Kc3 Nxa6 78. Kd4 Nb4 79. e5+ Ke7 80. Ke4 Nc2 81. Bb3 Ne1 82. f4 gxf4 83. Kxf4 Nd3+ 84. Kf5 Nf2 85. Bc2 Nh3 86. Bb3 Nf2 87. Bd5 Nh3 88. Ba2 Nf2 89. Bc4 Nh3 90. Kg6 Nf2 91. Kh5 Kf8 92. e6 Ke7 93. Bb3 Kf6 94. Ba2 Ke7 95. Bd5 Kf6 96. Bc4 Ke7 97. Kh4 Kf6 98. Bd5 Nd3 99. Be4 Nf4 100. Bf5 Ke7 101. g5 hxg5+ 102. Kxg5 Nxe6+ 103. Kh4 1/2-1/2

[Event "Wch U20 59th"]
[Site "Cala Gonone"]
[Date "2022.10.13"]
[Round "3"]
[White "Ballesteros Cardenas, Leonardo"]
[Black "Gatineau, Yovann"]
[Result "0-1"]
[WhiteElo "2121"]
[BlackElo "2375"]
[PlyCount "103"]
[EventDate "2022.10.12"]
[EventType "swiss"]
[EventRounds "11"]
[EventCountry "ITA"]
[SourceTitle "CBM 210 Extra"]
[Source "ChessBase"]
[SourceDate "2022.11.30"]
[SourceVersion "1"]
[SourceVersionDate "2022.11.30"]
[SourceQuality "1"]

1. d4 Nf6 2. c4 e6 3. Nc3 Bb4 4. e3 0-0 5. Bd3 d5 6. Nf3 b6 7. 0-0 Bb7 8. a3 Bxc3 9. bxc3 dxc4 10. Bxc4 c5 11. Qe2 Nbd7 12. Bd3 Ne4 13. Bb2 Qc7 14. Rac1 Rfd8 15. Rfd1 Rac8 16. Nd2 Ndf6 17. Nxe4 Bxe4 18. Bxe4 Nxe4 19. f3 Nd6 20. e4 b5 21. Ra1 Qa5 22. dxc5 Nc4 23. Rd4 e5 24. Rd5 Rxd5 25. exd5 Rxc5 26. Rd1 Qb6 27. Kh1 Qd6 28. Bc1 Rxd5 29. Rxd5 Qxd5 30. h3 h6 31. Kh2 a5 32. Qc2 Qd7 33. Qe4 f5 34. Qa8+ Kh7 35. Qf8 e4 36. fxe4 fxe4 37. Qf2 Qd6+ 38. g3 Kg8 39. h4 Qe5 40. Qe2 e3 41. a4 Qxc3 42. Qg4 Qc2+ 43. Kh3 b4 44. Qc8+ Kh7 45. Bb2 Qe4 46. Bxg7 Qh1+ 47. Kg4 Qe4+ 48. Kh3 Kxg7 49. Qd7+ Kf6 50. Qd8+ Ke5 51. Qh8+ Kd5 52. Qd8+ 0-1